000 00430nam a2200181Ia 4500
008 230524s9999 xx 000 0 und d
020 _a8170141265
082 _a546
_bSON
100 _aP.L.Soni
245 0 _aText Book of Inorganic Chemistry
250 _aIST
260 _aNEW DELHI
_bS.Chand
_c2002
300 _aXX;1.12
500 _aQuantity Number: 3
650 _aChemistry
700 _a Mohan Katyal
942 _cBK
999 _c40975
_d40975